| 000 | 00866nam a2200289 i 4500 | ||
|---|---|---|---|
| 001 | bg | ||
| 100 | 1 | _aTaryma, Stanisław. | |
| 245 | 1 | 0 |
_aOpór toczenia opon samochodowych / _cStanisław Taryma. |
| 260 |
_aGdańsk : _bWydawnictwo Politechniki Gdańskiej, _c2007. |
||
| 300 |
_a168, [2] s. : _bil. ; _c24 cm. |
||
| 490 | 1 |
_aMonografie / Politechnika Gdańska ; _v80 |
|
| 504 | _aBibliogr. s. 160-168. | ||
| 546 | _aStreszcz. ang. | ||
| 650 | 9 |
_aOpony i dętki _xmechanika _xbadanie |
|
| 650 | 9 |
_aOpór (fiz.) _xbadanie |
|
| 830 | 0 |
_aMonografie - Politechnika Gdańska _v80 |
|
| 015 | _aPB 9781/2007 | ||
| 020 | _a9788373481794 | ||
| 040 | _cBPK | ||
| 041 | 0 |
_apol _beng |
|
| 044 | _aPOL | ||
| 080 | _a531.4:629.33.02:678.4 | ||
| 920 | _a978-83-7348-179-4 | ||
| 942 | _cKS | ||
| 008 | 080313s2007 pl a |000 0 pol | ||
| 999 |
_c54232 _d54232 |
||
| 856 |
_uhttp://koha.tu.koszalin.pl/cgi-bin/koha/opac-detail.pl?biblionumber=54232 _yKatalog online BPK |
||